Super Bowl Performers - Statistics

General Stats
  • This quiz has been taken 10 times
  • The average score is 22 of 94
Answer Stats
Hint Answer % Correct
Kendrick Lamar
100%
2025 Kendrick Lamar
100%
Shakira
100%
2020 Jennifer Lopez
88%
2015 Katy Perry
88%
2023 Rihanna
88%
Usher
88%
2024 Usher
88%
2013 Beyonce
75%
Beyonce
75%
2016 Coldplay
75%
2022 Dr Dre
75%
2014 Bruno Mars
63%
Bruno Mars
63%
Eminem
63%
Janet Jackson
63%
2017 Lady Gaga
63%
1993 Michael Jackson
63%
Snoop Dogg
63%
Sza
63%
2021 The Weeknd
63%
50 Cent
50%
Justin Timberlake
50%
2018 Justin Timberlake
50%
2019 Maroon 5
50%
Travis Scott
50%
Ludacris
38%
2006 The Rolling Stones
38%
Bad Bunny
25%
2011 Black Eyed Peas
25%
2012 Madonna
25%
Mark Ronson
25%
Nicki Minaj
25%
2007 Prince
25%
2009 Bruce Springsteen
13%
Cee Lo Green
13%
1996 Diana Ross
13%
J Balvin
13%
Lil Jon
13%
Mary J Blige
13%
Mary J Blige
13%
Slash
13%
2010 The Who
13%
2008 Tom Petty
13%
2002 U2
13%
2001 Aerosmith
0%
Alicia Keyes
0%
Anderson Paak
0%
Arturo Sandoval
0%
Big Bad Voodoo Daddy
0%
Big Boi
0%
1997 Blues Brothers
0%
1998 Boys II Men
0%
Britney Spears
0%
2000 Christiana Aguilera
0%
Clint Black
0%
Enrique Iglesias
0%
1992 Gloria Estefan
0%
Gloria Estefan
0%
1999 Gloria Estefan
0%
HER
0%
James Brown
0%
Jermaine Dupri
0%
2004 Jessica Simpson
0%
Kid Rock
0%
Lenny Kravitz
0%
LMFAO
0%
Martha Reeves
0%
MIA
0%
Missy Elliott
0%
Nelly
0%
Nelly
0%
1991 New Kids On The Block
0%
No Doubt
0%
NYSYNC
0%
Patti LaBelle
0%
2005 Paul McCartney
0%
P Diddy
0%
Phil Collins
0%
Queen Latifah
0%
Ray Charles
0%
Red Hot Chili Peppers
0%
2003 Shania Twain
0%
Smokey Robinson
0%
Stevie Wonder
0%
Sting
0%
Tanya Tucker
0%
1994 The Judds
0%
The Temptations
0%
Toni Braxton
0%
1995 Tony Bennett
0%
Travis Tritt
0%
Wil.i.am
0%
ZZ Top
0%
No matching quizzes found
Score Distribution
Percent of People with Each Score
Percentile by Number Answered
Your Score History
You have not taken this quiz